[Event "Oberliga NRW 1112"]
[Site "Germany"]
[Date "2012.03.04"]
[Round "7.6"]
[White "Thiel, Thomas"]
[Black "Berg, Michael"]
[Result "1-0"]
[WhiteElo "2287"]
[BlackElo "2270"]
[PlyCount "45"]
[EventDate "2011.09.18"]
[EventType "team-tourn"]
[EventRounds "9"]
[EventCountry "GER"]
[SourceTitle "EXT 2015"]
[Source "ChessBase"]
[SourceDate "2014.11.20"]
[SourceVersion "1"]
[SourceVersionDate "2014.11.20"]
[SourceQuality "1"]
[WhiteTeam "Wattenscheid II"]
[BlackTeam "Solingen II"]
[WhiteTeamCountry "GER"]
[BlackTeamCountry "GER"]

1. e4 c5 2. Nc3 d6 3. f4 Nc6 4. Nf3 Bg4 5. Bb5 g6 6. 0-0 Bg7 7. d3 e6 8. Bxc6+ bxc6 9. Qe1 Bxf3 10. Rxf3 Ne7 11. f5 exf5 12. exf5 Be5 13. f6 Nd5 14. Nxd5 cxd5 15. Bf4 Qc7 16. Re3 0-0 17. Bxe5 dxe5 18. Qh4 Qd6 19. Rf1 Rfe8 20. Rh3 h5 21. Qg5 e4 22. Rxh5 Qf8 23. Rh3 1-0

[Event "Oberliga NRW 1112"]
[Site "Germany"]
[Date "2012.02.05"]
[Round "6.6"]
[White "Berg, Michael"]
[Black "Montignies, Rainer"]
[Result "1/2-1/2"]
[WhiteElo "2270"]
[BlackElo "2251"]
[PlyCount "69"]
[EventDate "2011.09.18"]
[EventType "team-tourn"]
[EventRounds "9"]
[EventCountry "GER"]
[SourceTitle "EXT 2015"]
[Source "ChessBase"]
[SourceDate "2014.11.20"]
[SourceVersion "1"]
[SourceVersionDate "2014.11.20"]
[SourceQuality "1"]
[WhiteTeam "Solingen II"]
[BlackTeam "Duisburg PSV"]
[WhiteTeamCountry "GER"]
[BlackTeamCountry "GER"]

1. d4 e6 2. c4 Bb4+ 3. Bd2 a5 4. g3 d6 5. Nf3 Nc6 6. d5 Bxd2+ 7. Qxd2 Nb8 8. dxe6 fxe6 9. Bg2 Nf6 10. Nc3 0-0 11. 0-0 Na6 12. Nd4 e5 13. Nb3 Nb4 14. Nd5 Nc6 15. a4 Bg4 16. Rad1 Qc8 17. c5 dxc5 18. Nxc5 Bh3 19. Qe3 Bxg2 20. Kxg2 Ng4 21. Qb3 Kh8 22. h3 Nxf2 23. Rxf2 Rxf2+ 24. Kxf2 Qf8+ 25. Kg2 Qxc5 26. Nxc7 Rf8 27. Rf1 Rxf1 28. Kxf1 Qc1+ 29. Kg2 Qd2 30. Qf3 h6 31. Ne6 Qd6 32. Qf7 Qe7 33. Qxe7 Nxe7 34. Kf3 Nf5 35. Nc5 1/2-1/2